Los corruptores / (Record no. 185840)

MARC details
000 -LEADER
campo de control de longitud fija 00454nam a2200157 i 4500
001 - NÚMERO DE CONTROL
campo de control 185840
003 - IDENTIFICADOR DE NÚMERO DE CONTROL
campo de control ES-MaACL
005 - FECHA Y HORA DE LA ÚLTIMA TRANSACCIÓN
campo de control 20230906222529.0
008 - DATOS DE LONGITUD FIJA--INFORMACIÓN GENERAL
campo de control de longitud fija 160816s1969 sp |||| | spa d
100 1# - ENTRADA PRINCIPAL--NOMBRE DE PERSONA
Nombre de persona Telfer, Dariel.
9 (RLIN) 160488
245 14 - MENCIÓN DEL TÍTULO
Título Los corruptores /
Mención de responsabilidad, etc. Dariel Telfer ; [traductor, Pedro Víctor].
260 ## - PUBLICACIÓN, DISTRIBUCIÓN, ETC.
Lugar de publicación, distribución, etc. Barcelona :
Nombre del editor, distribuidor, etc. Rumeu,
Fecha de publicación, distribución, etc. [1969]
300 ## - DESCRIPCIÓN FÍSICA
Extensión 415 p. ;
Dimensiones 19 cm.
700 1# - ENTRADA AGREGADA--NOMBRE PERSONAL
Nombre de persona Víctor, Pedro.
9 (RLIN) 114391
852 ## - LOCALIZACIÓN
Ubicación ES-MaACL
Número de control de estantería C-39647
Holdings
Estatus retirado Estado de pérdida Estado de daño No para préstamo Biblioteca de origen Biblioteca actual Ubicación en estantería Fecha de adquisición Fuente de adquisición Total de préstamos Signatura topográfica completa Código de barras Visto por última vez Precio de reemplazo Tipo de ítem Koha
        Biblioteca del Ateneo de Madrid Biblioteca del Ateneo de Madrid Depósito 2 16/08/2016     C-39647 1195899 23/02/2023 23/02/2023 Libro impreso